000 00807cad a22002055a 4500
001 L157008
008 120528s2012 xxk 000 0 eng d
035 _a(Sirsi) u157008
041 0 _aeng
110 2 _aGVA
_95945
245 0 0 _aEPMR economic and property market review
_bQ3 2012
_h[electronic resource]
260 _aLondon
_bGVA
_c2012
490 0 _aGVA EPMR Economic and Property Market Review
_vQ3 2012
520 _aCovers economic trends, recent occupier market trends, outlook for occupier market performance, recent investment performance and investment market outlook.
590 _aKA NTK
651 4 _aUnited Kingdom
690 _aCommercial property
_96227
856 4 0 _uhttps://www.gva.co.uk/research/economic-and-property-market-review/
_zView the report at www.gva.co.uk
942 _n0
999 _c114540
_d114540